| 000 | 00963nam a22002897a 4500 | ||
|---|---|---|---|
| 003 | DO-SdBPM | ||
| 005 | 20251125082634.0 | ||
| 008 | 171115b2002 mx || 00| 0 spa d | ||
| 020 | _a9701033930 | ||
| 040 |
_aDO-SdBPM _bspa _cBPMSU _erda |
||
| 082 | 4 |
_a658.15 _bR173c 2002 _222 |
|
| 100 | 1 |
_aRamírez Padilla, David Noel _eautor _4aut. |
|
| 245 | 1 | 0 |
_aContabilidad administrativa / _cDavid Noel Ramírez Padilla |
| 250 | _a6a ed. | ||
| 264 |
_aMéxico : _bMcGraw-Hill, _c2002. |
||
| 300 |
_axxiii, 601 páginas ; _c23 cm. |
||
| 336 |
_atexto _btxt _2rdacontent |
||
| 337 |
_asin mediación _bn _2rdamedia |
||
| 338 |
_avolumen _bnc _2rdacarrier |
||
| 500 | _aIncluye datos biográficos del autor en la contracubierta | ||
| 590 | _aInventariado, 2025/VM | ||
| 650 | 7 | _aContabilidad administrativa | |
| 650 | 7 | _a Administración financiera | |
| 650 | 7 | _aContabilidad de costos | |
| 910 | _aBTAVAREZ/ VMateo V. Control de calidad. BPMSU | ||
| 942 |
_2ddc _cBK |
||
| 999 |
_c12896 _d12896 |
||